00522nam a22001697a 450000500170000001000150001702000260003203500140005803700090007208200090008110000240009024500550011425000060016926000350017527001220021030000200033220260128153833.0 aENG-147709 a9789390001118c295.00 aEN-131241 bDBAD 21aN aDoyle, Arthur Conan aThe Return of Sherlock Holmes/cArthur Conan Doyle a1 aEast DelhibPharos Booksc2023 aPlot No. -63 Main Mother Dairy Road Pandav Nagar, East DelhibEast Delhie110092k011-403958555msales@pharosbooks.in a359p.c21cm(pb)